Statistics for Minecraft Enchantments

Click here to take the quiz!

General Stats

  • This quiz has been taken 109 times
  • The average score is 29 of 41

Answer Stats

ItemEnchantment% Correct
ArmorCurse of {Binding}
92%
All ItemsCurse of {Vanishing}
91%
SwordSharpness
90%
AxeSharpness
90%
All ItemsUnbreaking
90%
SwordFire Aspect
85%
All ItemsMending
85%
ArmorProtection
83%
ShearsEfficiency
82%
ToolsEfficiency
82%
Fishing RodLuck of the Sea
81%
BowFlame
79%
BowPower
78%
BootsFeather Falling
73%
ToolsFortune
73%
BowInfinity
72%
Fishing RodLure
72%
ArmorBlast Protection
69%
TridentLoyalty
69%
BootsDepth Strider
68%
ArmorFire Protection
68%
SwordLooting
68%
CrossbowMultishot
68%
BowPunch
68%
ArmorProjectile Protection
67%
TridentChanneling
65%
Helmet/Turtle ShellRespiration
65%
ToolsSilk Touch
65%
BootsFrost Walker
64%
SwordKnockback
63%
CrossbowPiercing
63%
TridentRiptide
63%
AxeSmite
63%
SwordSmite
63%
Helmet/Turtle ShellAqua Affinity
62%
ArmorThorns
59%
AxeBane of Arthropods
58%
SwordBane of Arthropods
58%
TridentImpaling
51%
SwordSweeping Edge
50%
CrossbowQuick Charge
49%

Score Distribution

Percentile by Number Answered

Percent of People with Each Score

Your Score History

You have not taken this quiz